Report of Cases Relating to Maritime Law: Containg all the Decitions of the Courts of Law and Equity in the United Kingdom and Selections in the Colonies and the United States (Record no. 36090)

MARC details
000 -LEADER
fixed length control field 00840nam a2200253 a 4500
001 - CONTROL NUMBER
control field adlib96000001
003 - CONTROL NUMBER IDENTIFIER
control field ViArRB
005 - DATE AND TIME OF LATEST TRANSACTION
control field 200902210153555.7
008 - FIXED-LENGTH DATA ELEMENTS--GENERAL INFORMATION
fixed length control field 960221s1955 dcuabcdjdbkoqu001 0deng d
020 ## - INTERNATIONAL STANDARD BOOK NUMBER
International Standard Book Number
022 ## - INTERNATIONAL STANDARD SERIAL NUMBER
International Standard Serial Number
040 ## - CATALOGING SOURCE
Original cataloging agency Adlib
082 ## - DEWEY DECIMAL CLASSIFICATION NUMBER
Classification number 347.79(410)(047)
100 ## - MAIN ENTRY--PERSONAL NAME
Personal name Aspinall, P. James
Relator term editor
245 ## - TITLE STATEMENT
Title Report of Cases Relating to Maritime Law: Containg all the Decitions of the Courts of Law and Equity in the United Kingdom and Selections in the Colonies and the United States
250 ## - EDITION STATEMENT
Edition statement
260 ## - PUBLICATION, DISTRIBUTION, ETC. (IMPRINT)
Place of publication, distribution, etc London
Name of publisher, distributor, etc Horace Cox
Date of publication, distribution, etc 1873
300 ## - PHYSICAL DESCRIPTION
Extent
Dimensions
500 ## - GENERAL NOTE
General note
653 ## - INDEX TERM--UNCONTROLLED
Uncontrolled term Report of Cases Relating to Maritime Law
700 ## - ADDED ENTRY--PERSONAL NAME
Personal name
--
942 ## - ADDED ENTRY ELEMENTS (KOHA)
Koha item type Reference
Holdings
Withdrawn status Lost status Damaged status Not for loan Home library Current library Date acquired Total Checkouts Full call number Barcode Date last seen Price effective from Koha item type
        University Library University Library 16/06/2010   347.79(410)(047) ASP. 1 R 00035956 16/06/2010 16/06/2010 Reference
University Library, CUSAT